| 000 | 00743cab a2200229 4500 | ||
|---|---|---|---|
| 001 | WB2802-19 | ||
| 008 | 090401t1992 xxu||||| |||| 00| 0 eng d | ||
| 035 | _a(Sirsi) u841 | ||
| 041 | _aeng | ||
| 245 | _aSwiss rules are relaxed | ||
| 260 | _c1992 | ||
| 350 | _a0 | ||
| 490 |
_aDaily Express _v8 January 1992, 37(1) |
||
| 520 | _aThe attractions of the quality housing market in Switzerland are becoming available to British buyers as legal restrictions are dismantled and the franc gains strength over sterling in the currency exchanges. | ||
| 650 | _aHOLIDAY HOMES | ||
| 650 | _aPROPERTY MARKET | ||
| 650 |
_aRESIDENTIAL PROPERTY _96266 |
||
| 650 | _aSECOND HOMES | ||
| 690 | _aOVERSEAS-EUROPE | ||
| 942 | _n0 | ||
| 948 | _c04/03/1997 | ||
| 999 |
_c467 _d467 |
||